Statistics for NBA Western All Stars 2011/2012 Roster

Click here to take the quiz!

General Stats

  • This quiz has been taken 312 times
  • The average score is 8 of 12

Answer Stats

PositionPlayer% Correct
Shooting GuardKobe Bryant
93%
Small ForwardKevin Durant
87%
Point GuardChris Paul
86%
Point GuardRussell Westbrook
81%
Power ForwardBlake Griffin
67%
Power ForwardDirk Nowitzki
67%
CenterMarc Gasol
67%
Point GuardTony Parker
61%
Point GuardSteve Nash
60%
Power ForwardLaMarcus Aldridge
42%
Power ForwardKevin Love
36%
CenterAndrew Bynum
31%

Score Distribution

Percentile by Number Answered

Percent of People with Each Score

Your Score History

You have not taken this quiz